000 00365nam a2200145Ia 4500
008 240624s9999 xx 000 0 und d
041 _aeng
082 _a300.72 BRY
100 _aBRYMAN ALAN
245 _aSOCIAL RESEARCH METHODS
250 _a(3rd ed.)
260 _c2008
_aNew Delhi
_bOxford University press
300 _a748 : p. : cm. ; 24
365 _cRS
_b30
999 _c12469
_d12469